Actors on Lost in Space Quiz Stats

 Plays Quiz not verified by Sporcle

Challenge
Share
Tweet
Embed
Score 0/8 Timer 03:00
0 Plays Today
Character Name Actor/Actress Name % Correct
Will RobinsonBilly Mumy
90.6%
John RobinsonGuy Williams
87.5%
Maureen RobinsonJune Lockhart
87.5%
Major Don WestMark Goddard
81.3%
Penny RobinsonAngela Cartwright
81.3%
Judy RobinsonMarta Kristen
75%
Doctor Zachary SmithJonathan Harris
75%
B-9 RobotBob May
56.3%

You're not logged in!

Compare scores with friends on all Sporcle quizzes.
OR
Log In

You Might Also Like...

Show Comments

Extras

Top Quizzes Today


Score Distribution

Your Account Isn't Verified!

In order to create a playlist on Sporcle, you need to verify the email address you used during registration. Go to your Sporcle Settings to finish the process.

Report this User

Report this user for behavior that violates our Community Guidelines.

Details: